Central Library OPAC University of Rajshahi

Hospital administration : (Record no. 49701)

MARC details
000 -LEADER
fixed length control field 00713nam a2200205 a 4500
001 - CONTROL NUMBER
control field 49701
003 - CONTROL NUMBER IDENTIFIER
rucl marc code BD-RjUL
005 - DATE AND TIME OF LATEST TRANSACTION
control field 20211209054721.0
008 - FIXED-LENGTH DATA ELEMENTS--GENERAL INFORMATION
fixed length control field 160822s1969 ii a b 001 0 eng
035 ## - SYSTEM CONTROL NUMBER
System control number (BD-RjUL)49821
040 ## - CATALOGING SOURCE
Original cataloging agency BD-RjUL
Transcribing agency DLC
Modifying agency BD-RjUL
Language of cataloging eng
041 ## - LANGUAGE CODE
Language code of text/sound track or separate title eng
082 00 - DEWEY DECIMAL CLASSIFICATION NUMBER
Classification number 362.11068
Edition number 23
Author mark and year HOS 1969
245 00 - TITLE STATEMENT
Title Hospital administration :
Remainder of title Collected papers presented and circulated in the seminar on hospital administration /
Statement of responsibility, etc. edited by N.N. Chowdhury
260 ## - PUBLICATION, DISTRIBUTION, ETC. (IMPRINT)
Place of publication, distribution, etc. Dacca :
Name of publisher, distributor, etc. National institute of public administration,
Date of publication, distribution, etc. [1969?]
300 ## - PHYSICAL DESCRIPTION
Pagination xix, 186 p. :
Illustrations ill. ;
Size 22 cm.
650 #0 - SUBJECT ADDED ENTRY--TOPICAL TERM
Topical term or geographic name as entry element Hospitals
General subdivision Administration.
9 (RLIN) 149010
700 1# - ADDED ENTRY--PERSONAL NAME
Personal name edited by N.N. Chowdhury
942 ## - ADDED ENTRY ELEMENTS (KOHA)
Source of classification or shelving scheme Dewey Decimal Classification
Koha item type Books
Holdings
Lost status Source of classification or shelving scheme Damaged status Not for loan Collection code Permanent Location Current Location Shelving location Date acquired Source of acquisition Cost, normal purchase price Total Checkouts Full call number Date last seen Copy number Koha item type
  Dewey Decimal Classification     Non-fiction Central Library, University of Rajshahi Central Library, University of Rajshahi   18/07/1973 Mohiuddin & sons 9.00   362.11068 HOS 1969 22/08/2016 C-2 Books